000 00489cam a2200181ua 4500
001 964
008 110425n ii |||gr||||Z||||||eng
040 _cMAIN
082 _a322.4454162
245 1 _aBharatar swadhinata andulan aru asham.
_cBy Thaneswar Lahan.
250 _a1st.
260 _aDibrugarh.:
_bStudents emporium.,994.
300 _a79 p.:2 cm.
653 _aPolitical science.
653 _aBharatar swadhinata andulan aru asham.
700 1 _aLahan, Thaneswar.,
942 _cBK
999 _c884
_d884